Manual para supervisores (Registro nro. 2228)

Detalles MARC
000 -LEADER
fixed length control field 01042 a2200217 4500
001 - CONTROL NUMBER
control field 31983
005 - DATE AND TIME OF LATEST TRANSACTION
control field 20260407155621.0
008 - FIXED-LENGTH DATA ELEMENTS--GENERAL INFORMATION
fixed length control field 260407a1971 arg spa d
003 - CONTROL NUMBER IDENTIFIER
control field AR-UNSa-BCEJYS
040 ## - CATALOGING SOURCE
Original cataloging agency AR-UNSa-BCEJYS
Language of cataloging spa
Transcribing agency AR-UNSa-BCEJYS
080 ## - UNIVERSAL DECIMAL CLASSIFICATION NUMBER
Universal Decimal Classification number 658.012.4
Common auxiliary subdivision Gestión. Dirección. Autoridad. Técnicas y métodos de gestión (gestión del conocimiento, Outsourcing, Benchmarking...)
100 1# - MAIN ENTRY--PERSONAL NAME
Personal name Ecker, H. Paul
245 10 - TITLE STATEMENT
Title Manual para supervisores
264 #1 - PRODUCTION, PUBLICATION, DISTRIBUTION, MANUFACTURE, AND COPYRIGHT NOTICE
Place of production, publication, distribution, manufacture México :
Name of producer, publisher, distributor, manufacturer Diana
Date of production, publication, distribution, manufacture, or copyright notice 1971
300 ## - PHYSICAL DESCRIPTION
Extent 212 p.
Dimensions 21 cm.
505 ## - FORMATTED CONTENTS NOTE
Formatted contents note 1. Introducción - 2. El supervisor y la compañia - 3. El supervisor y el sindicato - 4. Motivación y moral - 5. Cómo diferimos unos de otros - 6. Cuándo aprendemos - 7. Entrenamiento de instrucción para el trabajo - 8. Cómo juzgar el rendimiento - 9. Cómo comunicarse más efectivamente - 10. Cómo trabajar eficazmente con otros - 11. Organización de empresas.
590 ## - LOCAL NOTE (RLIN)
Local note niveau_biblio:m niveau_hierar:0
700 1# - ADDED ENTRY--PERSONAL NAME
Personal name Ouellette, Vernon
700 1# - ADDED ENTRY--PERSONAL NAME
Personal name Macrae, John
942 ## - ADDED ENTRY ELEMENTS (KOHA)
Koha item type
Existencias
Withdrawn status Lost status Damaged status Not for loan Home library Current library Shelving location Date acquired Total checkouts Full call number Barcode Date last seen Price effective from Koha item type
        Biblioteca Prof. Eusebio Cleto del Rey Biblioteca Prof. Eusebio Cleto del Rey   07/04/2026   658.012.4 E19 L23684 07/04/2026 07/04/2026 Libro